Řízení projektů

Riadenie projektov - metóda, ako riadiť zmeny. Hlavné zásady riadenia projektov: posúdenie požadovanej zmeny, projektový tím, podpora vedenia, zadanie a zahájenie projektu, vzájomná komunikácia a dokumentácia činnosti tímu, kontakt so zadávateľom projektu a s vedúcimi útvarov, implementácia zmeny, z...

Descrizione completa

Salvato in:
Dettagli Bibliografici
Autore principale: Sláma, P.
Natura: Capitolo di libro
Lingua:ceco
Soggetti:
Tags: Aggiungi Tag
Nessun Tag, puoi essere il primo ad aggiungerne!!

MARC

LEADER 00000naa a2200000 4500
001 r018066
005 20221205101314.5
041 0 |a cze 
044 |a CZ 
245 1 0 |a Řízení projektů  |c P. Sláma 
520 |a Riadenie projektov - metóda, ako riadiť zmeny. Hlavné zásady riadenia projektov: posúdenie požadovanej zmeny, projektový tím, podpora vedenia, zadanie a zahájenie projektu, vzájomná komunikácia a dokumentácia činnosti tímu, kontakt so zadávateľom projektu a s vedúcimi útvarov, implementácia zmeny, záverečná správa - konečný výstup projektu. 
610 2 0 |a riadenie projektové 
610 2 0 |a banky 
610 2 0 |a projekty 
610 2 0 |a práca tímová 
610 2 0 |a reorganizácia 
100 1 |a Sláma, P.